| 000 | 02245cam a22005057a 4500 | ||
|---|---|---|---|
| 003 | CHAP | ||
| 005 | 20220329142434.0 | ||
| 008 | 010209c2000 mx rs 00010 spa d | ||
| 010 | _a83473 | ||
| 011 | _a84445 | ||
| 020 | _a970-13-3077-3 | ||
| 020 | _a9701336569 | ||
| 035 | _a94965 | ||
| 040 | _cCHAP | ||
| 082 |
_a343.0972 _bI57 |
||
| 110 |
_aInstituto Nacional de Estadística, Geografía e Informática. México _959304 |
||
| 245 | 0 |
_aEstadísticas judiciales en materia penal _c/por Instituto Nacional de Estadística, Geografía e Informática |
|
| 260 |
_aAguascalientes, Ags. : _bEl Instituto, _c1998- |
||
| 300 |
_av. _bgráfs. |
||
| 410 | _aINEGI | ||
| 490 | 0 | _aCuaderno | |
| 500 | _aLa biblioteca tiene : 1998, 1999, 2000, 2001, 2002, 2003, 2004 | ||
| 590 |
_aBATCH-UPD _b10 _c20130110 _lUCH01 _h1944 |
||
| 590 |
_aBATCH-UPD _b10 _c20130410 _lUCH01 _h1307 |
||
| 590 |
_aBATCH-UPD _b10 _c20130914 _lUCH01 _h1143 |
||
| 590 |
_aCONVERSION _b10 _c20130109 _lUCH01 _h1346 |
||
| 650 | 1 | 4 |
_aDerecho penal _xEstadísticas _zMéxico. _931902 |
| 650 | 1 | 4 |
_aPoblación _xEstadísticas _zMéxico. _989385 |
| 810 | 0 | 0 |
_aINEGI _958045 |
| 830 | 0 | 0 |
_aCuaderno _929704 |
| 901 | _aBK | ||
| 905 | _aLilia Sánchez G. | ||
| 942 | _cLIBRO | ||
| 949 |
_a343.0972 I57 2004 _bBC _cINEGI _d33724000951497 _eINEGI _fc.2 _gDonaciØn _h105377 _i94965 _sb |
||
| 949 |
_a343.0972 I57 Chis. _bBC _cINEGI _d33724000800033 _eINEGI _f2000 _h99371 _i94965 _sb |
||
| 949 |
_a343.0972 I57 Oax. _bBC _cINEGI _d33724000800090 _eINEGI _f2000 _h99369 _i94965 _sb |
||
| 949 |
_a343.0972 I57 Tab. _bBC _cINEGI _d33724000849824 _eINEGI _f2000 _h99370 _i94965 _sb |
||
| 949 |
_a343.0972 I57 _bBC _cINEGI _d33724000814059 _eINEGI _f2001 _gDonaciØn _h102767 _i94965 _sb |
||
| 949 |
_a343.0972 I57 _bBC _cINEGI _d33724000814182 _eINEGI _f1999 c.2 _h99641 _i94965 _si |
||
| 949 |
_a343.0972 I57 _bBC _cINEGI _d33724000815239 _eINEGI _f1998 _h99567 _i94965 _sb |
||
| 949 |
_a343.0972 I57 _bBC _cINEGI _d33724000815296 _eINEGI _f1999 _h99566 _i94965 _sb |
||
| 949 |
_a343.0972 I57 _bBC _cINEGI _d33724000888400 _eINEGI _f2002 _h103558 _i94965 _sb |
||
| 949 |
_a343.0972 I57 _bBC _cINEGI _d33724000922688 _eINEGI _f2003 _gDonaciØn _h104432 _i94965 _sb |
||
| 949 |
_a343.0972 I57 _bBC _cINEGI _d33724000958492 _eINEGI _f2003 c.2 _h105168 _i94965 _sb |
||
| 999 |
_c83473 _d83473 |
||